000 01220nam a22002297a 4500
999 _c58797
_d58797
003 Ge_BSU
005 20220810145126.0
008 220810b ge ||||| |||| 00| 0 geo d
041 _ageo
080 _a81(479.22)(092):008(479.22) დ-74
100 _aდონდუა, კარპეზ
_914526
245 _aრჩეული ნაშრომები:
_bტ1/
_cკარპეზ დონდუა ; შეადგინა, წინასიტყვ. და შენიშვნები დაურთო ალ. ღლონტმა.
264 _aთბილისი :
_bმეცნიერება,
_c1967.
300 _a403 გვ. ;
_c22 სმ.
500 _aკ. დონდუას ფოტოპორტრეტი
501 _aპირთა და საგანთა საძიებელი გვ. : 384-401
546 _aტექსტის უმეტესი ნაწილი რუსულ ენაზე
653 _aქართველი ენათმეცნიერები
653 _aქართული კულტურა
700 _aღლონტი, ალ.
_eშემდგენელი
_91038
942 _2udc
_cBK